Statistics for Municipalities of Rock County, Wisconsin

Click here to take the quiz!

General Stats

  • This quiz has been taken 23 times
  • The average score is 10 of 30

Answers on the Map

Answers color-coded by a green-red scale on the quiz's map according to % correct below.
 

Answer Stats

Answer% Correct
City of Janesville
100%
Town of Janesville
100%
City of Beloit
83%
Town of Beloit
83%
Town of Clinton
50%
Town of Magnolia
50%
Village of Clinton
50%
City of Brodhead
33%
City of Edgerton
33%
City of Milton
33%
Town of Center
33%
Town of Milton
33%
Town of Rock
33%
Census Designated Place of Hanover
17%
City of Evansville
17%
Town of Avon
17%
Town of Bradford
17%
Town of Fulton
17%
Town of Harmony
17%
Town of Johnstown
17%
Town of La Prairie
17%
Town of Lima
17%
Town of Newark
17%
Town of Plymouth
17%
Town of Porter
17%
Town of Spring Valley
17%
Town of Turtle
17%
Town of Union
17%
Village of Footville
17%
Village of Orfordville
17%

Score Distribution

Percentile by Number Answered

Percent of People with Each Score

Your Score History

You have not taken this quiz